| 000 | 01160nam0a22003011 4500 | ||
|---|---|---|---|
| 001 | RU\NLR\INFOCOMM_17\5000670872 | ||
| 005 | 20250613095457.0 | ||
| 035 | _a(NLR Aleph) 009295752 | ||
| 090 |
_a9248093 _c9248093 |
||
| 100 | _a20101007d1960 |||y0rusy50 ca | ||
| 101 | 0 | _aeng | |
| 102 | _aRU | ||
| 105 | _ay ||||000|y | ||
| 200 | 1 |
_aExperimental tests of candied live poliovirus vaccine in tissue culture _f[By] M. P. Chumakov, A. D. Bezzubov, S. G. Dzagurov [a. o.] ... |
|
| 210 |
_a[Μ. _d1960] |
||
| 215 |
_a12 с. _d29 см |
||
| 225 | 1 |
_aAcademy of medical sciences of the USSR. Institute for poliomyelitis research. IVth Scientific conference and international symposium on live poliovirus vaccine. Moscow, May 17-20, 1960 _v[16] |
|
| 309 | _aЛитогр. | ||
| 320 | _aБиблиогр.: с. 7-8 | ||
| 606 |
_aПротивополиомиэлитовые вакцины _2nlr_sh1 |
||
| 686 |
_aМк-252 _2rubbk |
||
| 701 | 1 |
_9z02790 _aČumakov _bM. P. _f1909- _gMichail Petrovič _4070 |
|
| 790 | 1 |
_9z02701 _aChumakov _bM. P. _4070 |
|
| 801 | 1 |
_aRU _bNLR _c20101007 |
|
| 801 | 0 |
_aRU _bNLR _gPSBO |
|
| 852 |
_aNLR _jМк01 Г-8/38 |
||
| 942 | _cBOOK | ||
| 980 | _aNB | ||